[Event "7th HD Bank Cup 2017"]
[Site "masterchessopen.com Ho Chi Minh City VIE"]
[Date "2017.03.17"]
[Round "9.17"]
[White "Xu,Yi"]
[Black "Sean,W"]
[Result "1-0"]
[WhiteElo "2444"]
[BlackElo "2403"]

1.e4 c5 2.Nf3 e6 3.d4 cxd4 4.Nxd4 a6 5.c4 Nf6 6.Nc3 Qc7 7.a3 b6 8.Be3 Bb7 9.f3
d6 10.Rc1 Be7 11.Be2 O-O 12.O-O Nbd7 13.b4 Rfc8 14.Qd2 Rab8 15.Rc2 Qd8 16.Kh1
Ne5 17.Na4 Ba8 18.Rfc1 Qe8 19.Nb2 h5 20.Nd3 h4 21.Nf2 Rd8 22.Qe1 Ng6 23.Bf1
Nh5 24.Nd3 Bf6 25.Qf2 Qe7 26.c5 dxc5 27.bxc5 bxc5 28.Rxc5 e5 29.Nf5 Qf8 30.Nb4
Nhf4 31.Bxa6 h3 32.g3 Ng2 33.Bf1 Ne7 34.Nxe7+ Bxe7 35.Rxe5 Bxb4 36.axb4 Nxe3
37.Qxe3 Qxb4 38.Rec5 Bb7 39.Qc3 Qxc3 40.R5xc3 Rd2 41.Rb3 f5 42.Rcb1 fxe4
43.Rxb7 Rxb7 44.Rxb7 exf3 45.Rb1 Kf7 46.Bxh3 Kf6 47.Rf1 {#r} 1-0

[Event "7th HD Bank Cup 2017"]
[Site "masterchessopen.com Ho Chi Minh City VIE"]
[Date "2017.03.17"]
[Round "9.18"]
[White "Tu Hoang Thong"]
[Black "Liu,Xiangyi"]
[Result "1-0"]
[WhiteElo "2392"]
[BlackElo "2443"]

1.e4 e6 2.b3 d5 3.Bb2 dxe4 4.Nc3 Nf6 5.Qe2 Nc6 6.Nxe4 Be7 7.Nf3 Nxe4 8.Qxe4
Bf6 9.O-O-O Bd7 10.d4 Nb4 11.Ne5 Bxe5 12.dxe5 Qe7 13.Qxb7 Qc5 14.Qxa8+ Ke7
15.Qe4 {#r} 1-0

[Event "7th HD Bank Cup 2017"]
[Site "masterchessopen.com Ho Chi Minh City VIE"]
[Date "2017.03.17"]
[Round "9.19"]
[White "Liu Guanchu"]
[Black "Hoang Thi Bao Tram"]
[Result "1-0"]
[WhiteElo "2441"]
[BlackElo "2340"]

1.e4 c6 2.d4 d5 3.e5 Bf5 4.Nc3 a6 5.g4 Bd7 6.Be3 e6 7.Nge2 c5 8.dxc5 Qc7 9.Qd2
Bxc5 10.Bxc5 Qxc5 11.Qg5 g6 12.Qf4 Qc7 13.Nxd5 Qa5+ 14.Ndc3 Bc6 15.Rg1 Nd7
16.O-O-O Qxe5 17.Qb4 Ne7 18.Bg2 Qc5 19.Qf4 Bxg2 20.Rxg2 Rc8 21.Rg3 Nd5 22.Qh6
N7b6 23.Qg7 Rf8 24.Rf3 Ke7 25.Nd4 Nxc3 26.Qf6+ Ke8 27.Rxc3 Qe7 28.Rxc8+ Nxc8
29.Qe5 Qd6 30.Qf6 Qe7 31.Qe5 Qd6 32.Qe4 Qc7 33.f4 Ke7 34.f5 e5 35.Nf3 Re8
36.Nxe5 Kf8 37.Qb4+ Kg8 38.Nd7 Qc6 39.g5 a5 40.Qd4 Re2 41.Nf6+ Kg7 42.Nh5+ Kf8
43.Qh8+ Ke7 44.Qd8# 1-0

[Event "7th HD Bank Cup 2017"]
[Site "masterchessopen.com Ho Chi Minh City VIE"]
[Date "2017.03.17"]
[Round "9.20"]
[White "Shyam,N"]
[Black "Chen,Qi b"]
[Result "1-0"]
[WhiteElo "2440"]
[BlackElo "2328"]

1.d4 Nf6 2.Bf4 g6 3.Nc3 c5 4.dxc5 Bg7 5.e4 O-O 6.Nf3 Qa5 7.Nd2 Qxc5 8.Nb3 Qb6
9.Be2 d6 10.Be3 Qc7 11.Qd2 Be6 12.Bh6 Nc6 13.h4 Ne5 14.h5 Nc4 15.Bxc4 Qxc4
16.Bxg7 Kxg7 17.f3 b5 18.Rh4 Kh8 19.O-O-O b4 20.hxg6 fxg6 21.Ne2 g5 22.Rh6
Rac8 23.Ned4 a5 24.Nxe6 Qxe6 25.Kb1 Qe5 26.Nd4 Rg8 27.Rdh1 a4 28.Qxb4 a3
29.Nf5 axb2 30.Qd4 Qxd4 31.Nxd4 Rc7 32.Kxb2 g4 33.a4 Rc4 34.Nf5 Rb8+ 35.Kc1
gxf3 36.gxf3 Rxa4 37.Nxe7 Ra1+ 38.Kd2 Rxh1 39.Rxh1 Re8 40.Ng6+ Kg7 41.Nf4 Re5
42.Ra1 h5 43.Ra6 Ne8 44.Ke3 h4 45.Ra1 Kh6 46.Rh1 Kg5 47.Rg1+ Kf6 48.Rg6+ Kf7
49.Rh6 Rc5 50.Kd3 {#r} 1-0

[Event "St Louis Winter Classic A"]
[Site "masterchessopen.com Saint Louis USA"]
[Date "2017.03.17"]
[Round "7.2"]
[White "Cordova,E"]
[Black "Sevian,Samuel"]
[Result "1-0"]
[WhiteElo "2655"]
[BlackElo "2587"]

1.Nf3 Nf6 2.b3 d6 3.d4 g6 4.g3 Bg7 5.Bg2 O-O 6.O-O e5 7.dxe5 dxe5 8.Ba3 Qxd1
9.Rxd1 Re8 10.Nc3 Na6 11.Nd2 Rb8 12.Nb5 Bg4 13.f3 Bd7 14.c4 c6 15.Nd6 Red8
16.N2e4 Nxe4 17.Nxe4 Bf5 18.Rxd8+ Rxd8 19.Be7 Re8 20.Nf6+ Bxf6 21.Bxf6 Nc5
22.Rd1 Nd7 23.Bg5 f6 24.Be3 Kf7 25.Kf2 g5 26.Rd2 a6 27.Rd6 Ke7 28.Rd1 Kf7
29.Bc1 Nf8 30.Ba3 h6 31.e3 Be6 32.Bf1 Ng6 33.Be2 h5 34.Bc5 h4 35.g4 Rc8 36.Bd3
Rc7 37.Bf5 Bxf5 38.gxf5 Ne7 39.Rd8 b5 40.e4 bxc4 41.b4 h3 42.Ke2 Rb7 43.Kd2 a5
44.Kc3 axb4+ 45.Kxc4 Ng8 46.Bxb4 Nh6 47.a3 c5 48.Kxc5 Rc7+ 49.Kb5 Rc2 50.Rd7+
Kg8 51.Bd2 Kf8 52.a4 Ke8 53.Rd3 Rb2+ 54.Kc5 Rc2+ 55.Kb4 Nf7 56.a5 Rb2+ 57.Ka3
Rb1 58.Ka2 Rb8 59.Be3 Nd8 60.Bb6 Nb7 61.Ka3 Ra8 62.Kb4 Ke7 63.Rd5 Rb8 64.Ka4
Ra8 65.Rd2 Rc8 66.a6 Nd6 67.a7 Nc4 68.Bc5+ Rxc5 69.a8=Q Nb6+ 70.Kb4 Rc4+
71.Kb5 Nxa8 72.Kxc4 Nc7 73.Kc5 Na6+ 74.Kb6 Nb8 75.Rd5 Nd7+ 76.Kc7 Nf8 77.Rd8
Kf7 78.Kd6 Kg7 79.Rxf8 Kxf8 80.Ke6 Kg7 81.Ke7 g4 82.fxg4 {#r} 1-0

[Event "St Louis Winter Classic A"]
[Site "masterchessopen.com Saint Louis USA"]
[Date "2017.03.17"]
[Round "7.3"]
[White "Fedoseev,Vl3"]
[Black "Xiong,Jeffery"]
[Result "1-0"]
[WhiteElo "2658"]
[BlackElo "2674"]

1.d4 Nf6 2.c4 g6 3.Nc3 d5 4.Nf3 Bg7 5.Bg5 Ne4 6.Bf4 Nxc3 7.bxc3 c5 8.e3 O-O
9.cxd5 cxd4 10.cxd4 Qxd5 11.Be2 Nc6 12.O-O Bf5 13.Qa4 Qa5 14.Qxa5 Nxa5 15.Nd2
Rfc8 16.Rfc1 Rxc1+ 17.Rxc1 Rc8 18.Rxc8+ Bxc8 19.Bf3 Be6 20.a3 Ba2 21.Bb8 a6
22.Bc7 Nc6 23.Ne4 Be6 24.Nc5 Bc8 25.Na4 Bd7 26.Nb6 Be8 27.a4 Bf6 28.Nd5 Bg5
29.Nb6 e6 30.Nc4 Bd7 31.a5 Be7 32.g4 Kf8 33.Kg2 Bd8 34.Bxd8 Nxd8 35.Ne5 Ke7
36.g5 Bc6 37.h4 Bxf3+ 38.Kxf3 Kd6 39.Ke4 Kc7 40.f4 b6 41.axb6+ Kxb6 42.Kd3 Kb5
43.Kc3 a5 44.Kb3 a4+ 45.Kc3 Nb7 46.Nxf7 Kc6 47.Kb4 Kd5 48.Kxa4 Kc4 49.Ne5+ Kd5
50.Nd7 Kc4 51.Nf8 Kd3 52.Nxe6 Kxe3 53.Kb5 Nd6+ 54.Kc6 {#r} 1-0

[Event "St Louis Winter Classic A"]
[Site "masterchessopen.com Saint Louis USA"]
[Date "2017.03.17"]
[Round "7.5"]
[White "Shankland,S"]
[Black "Ipatov,Alexander"]
[Result "0-1"]
[WhiteElo "2666"]
[BlackElo "2660"]

1.e4 e5 2.Nf3 Nc6 3.Bb5 a6 4.Ba4 Nf6 5.O-O Be7 6.Re1 d6 7.c3 Bg4 8.d3 Nd7
9.Be3 h6 10.h3 Bh5 11.Nbd2 Bg5 12.Qe2 O-O 13.d4 Re8 14.Rad1 b5 15.Bb3 Bxe3
16.Qxe3 Na5 17.Bc2 c5 18.dxc5 dxc5 19.b3 Qf6 20.Nf1 Rad8 21.N1h2 Nb7 22.Rd2
Qf4 23.Red1 Nf8 24.Qe1 Rxd2 25.Rxd2 Rd8 26.g3 Qf6 27.Kg2 Ng6 28.Qd1 Rxd2
29.Qxd2 Qd6 30.Qd5 Qxd5 31.exd5 Nd6 32.Kf1 Bxf3 33.Nxf3 e4 34.Nd2 f5 35.g4 Nf4
36.gxf5 Nxd5 37.c4 bxc4 38.bxc4 Nc3 39.a3 Kf7 40.Nb3 Na4 41.Nd2 Nc3 42.Nb3
Nxc4 43.Nxc5 Nxa3 44.Bb3+ Kf6 45.Nxa6 Kxf5 46.Nc5 Nab5 47.Ne6 g5 48.Nc5 Nd4
49.Bg8 h5 50.Bf7 h4 51.Bh5 Nd5 52.Bg4+ Kf4 53.Bc8 Nf3 54.Kg2 Ke5 55.Bg4 Nf4+
56.Kf1 Nh2+ 57.Kg1 Nxg4 58.hxg4 Nd3 59.Nd7+ Kf4 {#R} 0-1

[Event "St Louis Winter Classic B"]
[Site "masterchessopen.com Saint Louis USA"]
[Date "2017.03.17"]
[Round "7.1"]
[White "Ramirez,Alej"]
[Black "Rambaldi,Francesco"]
[Result "1-0"]
[WhiteElo "2549"]
[BlackElo "2559"]

1.Nf3 d5 2.b3 e6 3.c4 c5 4.e3 Nf6 5.Bb2 Bd6 6.cxd5 exd5 7.Bb5+ Bd7 8.Bxd7+
Nbxd7 9.d4 Qa5+ 10.Nbd2 c4 11.bxc4 dxc4 12.O-O Rc8 13.Qc2 Nb6 14.Ne4 Be7
15.Bc3 Qa4 16.Nxf6+ gxf6 17.Rfc1 Ba3 18.Qe4+ Kf8 19.Rd1 Re8 20.Qf5 Rg8 21.d5
Qd7 22.Qxh7 Qg4 23.Qh6+ Qg7 24.Qxg7+ Kxg7 25.Rab1 Rd8 26.e4 Rge8 27.Re1 Na4
28.Ba1 c3 29.Nd4 Kf8 30.Rxb7 f5 31.Rxa7 Ra8 32.Rxa8 Rxa8 33.exf5 Rd8 34.Nc2
Bb2 35.Ne3 Nc5 36.Rb1 Nd3 37.Kf1 Rc8 38.Ke2 Nf4+ 39.Kd1 Nxd5 40.Bxb2 Nxe3+
41.fxe3 c2+ 42.Kc1 cxb1=Q+ 43.Kxb1 Kg8 44.g4 Kh7 45.Be5 Rc5 46.Bd4 Rc8 47.h4
Rb8+ 48.Kc2 Ra8 49.Kb1 Rb8+ 50.Ka1 Ra8 51.Be5 Ra7 52.Bf4 Ra6 53.g5 Ra5 54.Kb2
Rb5+ 55.Kc3 Ra5 56.Kb3 Rb5+ 57.Ka4 Rxf5 58.Kb4 Kg6 59.a4 Rd5 60.a5 Rd2 61.Be5
Kh5 62.Bf6 Rd6 63.e4 Rd2 64.a6 Ra2 65.Kb5 Ra3 66.Bd8 Rb3+ 67.Kc6 Ra3 68.Kb7
Rb3+ 69.Bb6 Kxh4 70.a7 Ra3 71.Bd8 Rb3+ 72.Kc6 Rc3+ 73.Kd7 Ra3 74.g6+ f6 75.g7
Rxa7+ 76.Ke6 {#r} 1-0

[Event "St Louis Winter Classic B"]
[Site "masterchessopen.com Saint Louis USA"]
[Date "2017.03.17"]
[Round "7.3"]
[White "Sukandar,I"]
[Black "Baryshpolets,A"]
[Result "1-0"]
[WhiteElo "2423"]
[BlackElo "2578"]

1.e4 e6 2.d4 d5 3.exd5 exd5 4.Nf3 Bd6 5.c4 Nf6 6.Nc3 O-O 7.cxd5 h6 8.Bc4 Nbd7
9.O-O Nb6 10.Bb3 Bg4 11.h3 Bh5 12.g4 Nxg4 13.hxg4 Bxg4 14.Qd3 Nd7 15.Kg2 f5
16.Nb5 f4 17.Nxd6 cxd6 18.Bc2 Bf5 19.Qb3 Qe8 20.Bxf5 Rxf5 21.Rh1 Nf6 22.Qd3
Qd7 23.Bd2 Rf8 24.Rae1 Nxd5 25.Qe4 Qf7 26.Rh3 Kh8 27.Kh2 Rh5 28.Nh4 Nf6 29.Qe6
Kh7 30.Qxf7 Rxf7 31.Kg2 Rd5 32.Nf3 g5 33.Rhh1 g4 34.Nh4 Rxd4 35.Bc3 f3+ 36.Kh2
Rd5 37.Bxf6 Rxf6 38.Re7+ Kg8 39.Rc1 Rf7 40.Rc8+ Kg7 41.Ree8 Kf6 42.Kg3 h5
43.Rh8 Ke6 44.Ng6 Rd1 45.Rce8+ Kd5 46.Rxh5+ Kc6 47.Nf4 Rg1+ 48.Kh2 Rd1 49.Re4
a5 50.Rc4+ Kd7 51.Rxa5 Rf1 52.Nd3 g3+ 53.Kxg3 Rg1+ 54.Kh2 Rg2+ 55.Kh3 Rfg7
56.Rb5 b6 57.Rh5 Rg1 58.Rc1 Rxc1 59.Nxc1 Rg1 60.Nd3 Rd1 61.Rd5 {#r} 1-0

[Event "St Louis Winter Classic B"]
[Site "masterchessopen.com Saint Louis USA"]
[Date "2017.03.17"]
[Round "7.4"]
[White "Chandra,Akshat"]
[Black "Hess,Ro"]
[Result "0-1"]
[WhiteElo "2505"]
[BlackElo "2571"]

1.e4 e5 2.Nf3 Nc6 3.Bb5 a6 4.Ba4 b5 5.Bb3 Na5 6.O-O Nxb3 7.axb3 d6 8.d4 f6
9.Nc3 Bb7 10.Qe2 Ne7 11.dxe5 dxe5 12.Nh4 Qd7 13.f4 Nc6 14.fxe5 Nxe5 15.Nf5 g6
16.Rd1 Qe6 17.Nd4 Bc5 18.Be3 Bxd4 19.Rxd4 O-O 20.Nd5 Rf7 21.Bf4 Re8 22.Bg3 c6
23.Nf4 Qc8 24.Rd6 Qc7 25.Rad1 Bc8 26.h3 Qe7 27.Qd2 Rff8 28.Qc3 Kg7 29.Bf2 Rf7
30.Bc5 Qc7 31.Qg3 Kh8 32.Qc3 Kg8 33.Nd3 Nd7 34.Nb4 Bb7 35.Qd4 Nxc5 36.Qxc5
Rxe4 37.Rd8+ Kg7 38.R1d7 Qxd7 39.Rxd7 Rxd7 40.Nd3 Rde7 41.Qb6 Re2 42.Nc5 Bc8
43.Qxc6 Bf5 44.Qxa6 Rxc2 45.Qd6 Re5 46.b4 Bxh3 47.Kh2 Bxg2 48.Qd7+ Kh6 49.Qd1
Rh5+ 50.Kg3 Rh3+ {#R} 0-1

[Event "Brazil Open 2017"]
[Site "masterchessopen.com Joao Pessoa BRA"]
[Date "2017.03.17"]
[Round "2.1"]
[White "Brasil,Alberto Silveira"]
[Black "El Debs,F"]
[Result "0-1"]
[WhiteElo "2046"]
[BlackElo "2531"]

1.e4 c5 2.Nf3 g6 3.d4 cxd4 4.Qxd4 Nf6 5.e5 Nc6 6.Qh4 Nd5 7.Bh6 Qb6 8.b3 Bxh6
9.Qxh6 Nxe5 10.Nbd2 Qxf2+ 11.Kxf2 Ng4+ 12.Kg1 Nxh6 13.Bd3 d6 14.Nd4 Nf5
15.Nxf5 Bxf5 16.Bxf5 gxf5 17.Re1 e6 18.Nf3 Nc3 19.Nd4 Kd7 20.Kf2 Rhg8 21.h3 h5
22.Re3 Rac8 23.a4 f4 24.Rd3 e5 {#R} 0-1

[Event "Brazil Open 2017"]
[Site "masterchessopen.com Joao Pessoa BRA"]
[Date "2017.03.17"]
[Round "2.2"]
[White "Santiago,Y"]
[Black "Bezerra,F"]
[Result "1-0"]
[WhiteElo "2447"]
[BlackElo "2056"]

1.Nf3 c5 2.b3 d5 3.e3 Nf6 4.Bb2 a6 5.c4 e6 6.Be2 Nc6 7.O-O Bd6 8.cxd5 exd5
9.d4 O-O 10.dxc5 Bxc5 11.Nc3 Bf5 12.Na4 Ba7 13.Nd4 Nxd4 14.Bxd4 Bxd4 15.Qxd4
Rc8 16.Nc5 Qe7 17.Rac1 Rc6 18.Nd3 Bxd3 19.Bxd3 Rfc8 20.Rcd1 Qc5 21.Qh4 h6
22.Bf5 R8c7 23.Bb1 Qa3 24.h3 Rc1 25.Qf4 Rxd1 26.Rxd1 Qe7 27.Qd4 Qc5 28.Qe5 Qe7
29.Qxe7 Rxe7 30.Rc1 g6 31.Kf1 Rd7 32.Ke2 Kf8 33.Kd3 Ke7 34.f3 Kd6 35.Kd4 Ng8
36.Rc8 Ne7 37.Rb8 Rc7 38.Kd3 Rc1 39.Bc2 Nc6 40.Kd2 Rg1 41.g4 Nb4 42.Bd1 Rg2+
43.Be2 Nxa2 44.Rd8+ Ke6 45.Re8+ Kd7 46.Rb8 Nc1 47.Rxb7+ Kc8 48.Rxf7 Nxe2 49.b4
Ng1+ 50.Kc3 Nxh3 51.Rf6 Ng5 52.Kd4 h5 53.Kxd5 h4 54.f4 Nf3 55.Rxg6 h3 56.Rh6
h2 57.g5 Nxg5 58.fxg5 Rxg5+ 59.Kd4 Rg4+ 60.e4 Rg2 61.Rh7 Rb2 62.Kc5 Re2 63.Kd5
Rb2 64.Kc6 Rc2+ 65.Kd5 Rd2+ 66.Ke6 Rd4 67.e5 Rxb4 68.Rh8+ Kc7 69.Rxh2 Re4
70.Rc2+ Kb6 71.Kd5 Re1 72.Rb2+ Kc7 73.e6 Rd1+ 74.Ke5 Kd8 75.Rb7 Re1+ 76.Kf6
Rf1+ 77.Kg7 Rg1+ 78.Kf8 Rf1+ 79.Rf7 {#r} 1-0

[Event "Brazil Open 2017"]
[Site "masterchessopen.com Joao Pessoa BRA"]
[Date "2017.03.17"]
[Round "2.3"]
[White "Baeta,M"]
[Black "Coelho,L"]
[Result "0-1"]
[WhiteElo "2014"]
[BlackElo "2390"]

1.d4 Nf6 2.c4 g6 3.Nc3 Bg7 4.e4 d6 5.Nf3 O-O 6.Be2 Na6 7.O-O e5 8.Bg5 h6 9.Bh4
Qe8 10.dxe5 dxe5 11.Nd5 Nxe4 12.Be7 c6 13.Bxf8 Qxf8 14.Ne3 f5 15.Nd2 Ng5 16.a3
e4 17.Rb1 f4 18.Nc2 f3 19.gxf3 Qf4 20.Nxe4 Nxe4 21.fxe4 Be5 22.Qd8+ Kf7 23.Qh4
Qxh4 24.f4 Bxf4 {#R} 0-1

[Event "Brazil Open 2017"]
[Site "masterchessopen.com Joao Pessoa BRA"]
[Date "2017.03.17"]
[Round "2.4"]
[White "Macedo,MIa"]
[Black "Hiramine,Rodrigo Yoshio Ferreir"]
[Result "1-0"]
[WhiteElo "2357"]
[BlackElo "2050"]

1.e4 c5 2.Nf3 e6 3.d4 cxd4 4.Nxd4 Nf6 5.Nc3 d6 6.g4 e5 7.Bb5+ Bd7 8.Bxd7+ Qxd7
9.Nf5 h5 10.gxh5 Nxh5 11.Bh6 g6 12.Bxf8 gxf5 13.Bxd6 Nc6 14.Nb5 O-O-O 15.Qf3
a6 16.O-O-O fxe4 17.Qc3 axb5 18.Bxe5 b4 19.Rxd7 bxc3 20.Rc7+ Kb8 21.Rxc6+ Ka7
22.Rxc3 Rhe8 23.Bc7 {#r} 1-0

[Event "Brazil Open 2017"]
[Site "masterchessopen.com Joao Pessoa BRA"]
[Date "2017.03.17"]
[Round "2.6"]
[White "Pereira,Si"]
[Black "De Andrade,D"]
[Result "1-0"]
[WhiteElo "2258"]
[BlackElo "2025"]

1.e4 c5 2.Nf3 d6 3.d4 cxd4 4.Qxd4 Nc6 5.Bb5 Bd7 6.Bxc6 Bxc6 7.c4 Nf6 8.Nc3 e6
9.O-O Be7 10.b3 O-O 11.Bb2 Qa5 12.Rfe1 Rfe8 13.a3 Qc5 14.Qd2 a5 15.Nd5 Bxd5
16.cxd5 exd5 17.b4 Qc4 18.exd5 Qxd5 19.Qf4 Nh5 20.Qe3 h6 21.Rad1 Qa2 22.Rd2
Bg5 23.Qxe8+ Rxe8 24.Rxe8+ Kh7 25.Nxg5+ hxg5 26.g3 Nf6 27.Re7 axb4 28.axb4 Kg6
29.h3 b5 30.Kh2 Qc4 31.Bxf6 gxf6 32.Rxd6 Qxb4 33.Rdd7 Qc4 34.Rd2 Qc3 35.Ree2
b4 36.Rc2 Qd3 37.Rb2 Qd4 38.Rb3 f5 39.Reb2 f4 40.Rxb4 fxg3+ 41.fxg3 Qe3
42.R4b3 Qd4 43.Re2 Qc4 44.Rb6+ Kg7 45.Rf2 Qd4 46.Rbb2 Kg6 47.Rbd2 Qe3 48.Rd6+
Kg7 49.Rdf6 g4 50.Rxf7+ Kg8 51.h4 Qc1 52.R7f4 {#r} 1-0

[Event "Brazil Open 2017"]
[Site "masterchessopen.com Joao Pessoa BRA"]
[Date "2017.03.17"]
[Round "2.8"]
[White "Zallio,L"]
[Black "Cardoso,Alm"]
[Result "1-0"]
[WhiteElo "2240"]
[BlackElo "2005"]

1.d4 Nf6 2.Nf3 g6 3.Nbd2 d5 4.e3 Bg7 5.b3 O-O 6.Bd3 Re8 7.Bb2 Nbd7 8.h3 c6
9.O-O Nh5 10.g4 Nhf6 11.c4 e6 12.Rc1 Bf8 13.Ne5 Nxe5 14.dxe5 Nd7 15.Bb1 Qh4
16.Kg2 Bg7 17.f4 Qd8 18.e4 b5 19.Nf3 bxc4 20.bxc4 Rb8 21.Rf2 Nb6 22.Rd2 Ba6
23.Nd4 Nxc4 24.Rxc4 Bxc4 25.Nxc6 Qb6 26.Nxb8 Rxb8 27.Qf3 Bf8 28.exd5 Qxb2
29.Rxb2 Rxb2+ 30.Kg3 Rxb1 31.d6 Bd5 32.Qc3 Rb8 33.Qc7 Ra8 34.a4 a5 35.Kf2 Kg7
36.f5 gxf5 37.gxf5 Kg8 38.f6 Ra6 39.d7 Rc6 40.Qxa5 Rc2+ 41.Ke3 {#r} 1-0

[Event "Brazil Open 2017"]
[Site "masterchessopen.com Joao Pessoa BRA"]
[Date "2017.03.17"]
[Round "2.10"]
[White "Santos,Rafael Ventura Dos"]
[Black "Hiramine,Ricardo Hiroshi Ferrei"]
[Result "1-0"]
[WhiteElo "2211"]
[BlackElo "2001"]

1.e4 c6 2.c4 e6 3.Nf3 d5 4.cxd5 cxd5 5.exd5 Qxd5 6.Nc3 Qa5 7.d4 Nf6 8.Bd3 Bb4
9.Bd2 O-O 10.O-O Nc6 11.a3 Bxc3 12.bxc3 Qc7 13.Re1 b6 14.h4 Bb7 15.h5 h6
16.Nh2 e5 17.Ng4 Nxg4 18.Qxg4 Bc8 19.Qg3 Kh8 20.dxe5 Be6 21.Qf4 Ne7 22.g4 Rad8
23.Re3 Rxd3 24.Rxd3 Nd5 25.Qg3 Qc5 26.Rd4 Qc7 27.Re1 Ne7 28.f4 Bc8 29.f5 f6
30.Bf4 Qc6 31.exf6 Nd5 32.fxg7+ Kxg7 33.Be5+ Kh7 34.c4 Nf6 35.Bxf6 Qxf6 36.Rd6
Qg5 37.Rg6 Qd8 38.Qf4 Rf6 39.Qxh6# 1-0

[Event "17th Mediterranean Flower"]
[Site "masterchessopen.com Rijeka CRO"]
[Date "2017.03.17"]
[Round "8.5"]
[White "Nikolova,A"]
[Black "Kejzar,Petra"]
[Result "1-0"]
[WhiteElo "2339"]
[BlackElo "2013"]

1.e4 c5 2.Nf3 e6 3.c3 Nf6 4.e5 Nd5 5.d4 cxd4 6.cxd4 Nc6 7.Bc4 Nb6 8.Bd3 d6
9.Bg5 Be7 10.Bxe7 Qxe7 11.Nc3 a6 12.O-O O-O 13.a3 f5 14.Qb3 Nd7 15.exd6 Qxd6
16.Rad1 Ne7 17.Rfe1 Nb6 18.Bc4 Nxc4 19.Qxc4 Nd5 20.Nxd5 exd5 21.Qc5 Rd8
22.Re8+ Kf7 23.Qxd6 Rxd6 24.Rde1 b5 25.R1e7+ Kf6 {#r} 1-0

[Event "74th ch-GEO w 2017"]
[Site "masterchessopen.com Tbilisi GEO"]
[Date "2017.03.17"]
[Round "6.3"]
[White "Melia,S"]
[Black "Mikadze,M"]
[Result "0-1"]
[WhiteElo "2394"]
[BlackElo "2280"]

1.e4 e6 2.d4 d5 3.Nd2 Be7 4.Ngf3 Nf6 5.Bd3 c5 6.c3 cxd4 7.cxd4 dxe4 8.Nxe4
Nxe4 9.Bxe4 Nd7 10.O-O Nf6 11.Bc2 b6 12.Ne5 O-O 13.Nc6 Qc7 14.Nxe7+ Qxe7
15.Bg5 h6 16.Bh4 Ba6 17.Re1 Rfd8 18.Qd2 Rac8 19.Rad1 Rd5 20.Re3 Rc4 21.Bb3
Rcxd4 22.Qxd4 Rxd4 23.Rxd4 Bb7 24.h3 g5 25.Bg3 Qf8 26.Be5 Nd5 27.Bxd5 Bxd5
28.Bf6 Kh7 29.a3 Kg6 30.Be5 f6 31.Bg3 Qc5 32.Rd1 Qc2 33.Ree1 Qxb2 34.Bd6 h5
35.Rb1 Qd4 36.Rbd1 Qa4 37.Rc1 h4 38.Kh2 Qd4 39.Kg1 g4 40.Rcd1 Qa4 41.Rd3 gxh3
42.gxh3 Qc6 43.Bb4 Bh1 44.f3 Bxf3 45.Kf2 Bd5 46.Rg1+ Kf5 47.Rc3 Qa4 48.Re3 a5
49.Bd2 Qf4+ 50.Ke1 Qh2 51.Rf1+ Kg6 52.Bc3 e5 53.Ba1 Bc4 54.Bxe5 fxe5 55.Rf8 e4
56.Kd1 Qd6+ {#R} 0-1

[Event "74th ch-GEO w 2017"]
[Site "masterchessopen.com Tbilisi GEO"]
[Date "2017.03.17"]
[Round "6.4"]
[White "Khotenashvili,B"]
[Black "Arabidze,M"]
[Result "1-0"]
[WhiteElo "2434"]
[BlackElo "2383"]

1.d4 Nf6 2.Nf3 d5 3.c4 e6 4.Nc3 c5 5.Be3 Be7 6.dxc5 O-O 7.cxd5 exd5 8.a3 Nc6
9.b4 Bg4 10.Nd4 Ne5 11.h3 Bc8 12.Bf4 Ng6 13.Bh2 a5 14.e3 Nh4 15.Rc1 axb4
16.axb4 Bd7 17.Qb3 Re8 18.Bg3 Nh5 19.Bh2 Bf6 20.Nce2 Bxd4 21.Nxd4 Qg5 22.g3
Qf6 23.Be2 Ng2+ 24.Kd2 Qxf2 25.Bg1 Qxg3 26.Bxh5 Re5 27.Be2 Ba4 28.Qc3 Qg6
29.Ra1 Ree8 30.Bf2 Qf6 31.Rhf1 Bd7 32.Bg1 Qh6 33.Rxa8 Rxa8 34.Qb3 Qg5 35.Bf3
Nh4 36.Bxd5 Bxh3 37.Rxf7 Kh8 38.Bf2 Rd8 39.Bxh4 Qxh4 40.Qc4 h6 41.Bxb7 Bg4
42.Qf1 Kg8 43.Rf8+ Rxf8 44.Bd5+ {#r} 1-0

[Event "74th ch-GEO w 2017"]
[Site "masterchessopen.com Tbilisi GEO"]
[Date "2017.03.17"]
[Round "6.5"]
[White "Khurtsidze,N"]
[Black "Khomeriki,N"]
[Result "1-0"]
[WhiteElo "2383"]
[BlackElo "2317"]

1.d4 Nf6 2.c4 e6 3.Nc3 c5 4.e3 d5 5.Nf3 a6 6.dxc5 Bxc5 7.a3 Nc6 8.b4 Ba7 9.Bb2
O-O 10.Be2 Qe7 11.cxd5 Rd8 12.O-O exd5 13.Na4 b5 14.Rc1 Nxb4 15.axb4 bxa4
16.Qxa4 d4 17.Bxd4 Bxd4 18.Nxd4 Rxd4 19.exd4 Qxe2 20.Qc6 Qe4 21.d5 Qxd5
22.Qxc8+ Ne8 23.Qc6 Qxc6 24.Rxc6 Kf8 25.g3 Nf6 26.Rd1 h5 27.Rdd6 Re8 28.Rxa6
Re1+ 29.Kg2 Ne4 30.Rd7 g5 31.Raa7 Kg7 32.Rxf7+ Kg6 33.Rg7+ Kf5 34.Rge7 g4
35.Ra5+ Kg6 36.Rae5 {#r} 1-0

[Event "3rd UT-RGV IM Inv. 2017"]
[Site "masterchessopen.com Brownsville USA"]
[Date "2017.03.17"]
[Round "6.1"]
[White "Zhang,Chao"]
[Black "Wang,Justin"]
[Result "1-0"]
[WhiteElo "2223"]
[BlackElo "2177"]

1.e4 e5 2.Nf3 Nc6 3.Bb5 f5 4.d3 fxe4 5.dxe4 Nf6 6.O-O Bc5 7.Bxc6 bxc6 8.Nxe5
O-O 9.Nc3 d6 10.Nd3 Bd4 11.Qe1 Qe8 12.Be3 Bxc3 13.Qxc3 Qxe4 14.Rae1 Qa4 15.b3
Nd5 16.Qxg7+ Kxg7 17.bxa4 c5 18.Bd2 Bf5 19.Re2 Kf7 20.Rfe1 Rfe8 21.Rxe8 Rxe8
22.Rxe8 Kxe8 23.Ne1 Kd7 24.h3 h5 25.f3 Nf6 26.g4 Bg6 27.Kf2 hxg4 28.hxg4 c4
29.Ke3 c5 30.Kf4 Ke6 31.Kg5 Kf7 32.c3 Nd7 33.Ng2 Bb1 34.a3 a5 35.Nh4 Nf8 36.f4
Bc2 37.f5 Nd7 38.Kh6 Ne5 39.g5 Kg8 40.Bf4 Ng4+ 41.Kh5 Bd1 42.Kg6 Bxa4 43.f6
Be8+ 44.Kf5 Bd7+ 45.Kg6 Be8+ 46.f7+ Bxf7+ 47.Kf5 Nf2 48.Bxd6 Nd1 49.g6 Be8
50.Be5 Ne3+ 51.Ke6 Ba4 52.Bf4 Nd1 53.Nf5 Bc2 54.Ne7+ Kg7 55.Be5+ Kh6 56.g7 Bh7
57.g8=Q Bxg8+ 58.Nxg8+ Kh7 59.Kf7 {#r} 1-0

[Event "3rd UT-RGV IM Inv. 2017"]
[Site "masterchessopen.com Brownsville USA"]
[Date "2017.03.17"]
[Round "6.4"]
[White "Ruiz C,J"]
[Black "Serna,Jeffrey M"]
[Result "1-0"]
[WhiteElo "2343"]
[BlackElo "2022"]

1.e4 e5 2.Nf3 Nc6 3.Bb5 f5 4.d3 fxe4 5.dxe4 Nf6 6.O-O Bc5 7.Qd3 d6 8.Qc4 Qe7
9.Nc3 Bd7 10.Nd5 Nxd5 11.exd5 Nd4 12.Nxd4 Bxd4 13.a4 a6 14.Bxd7+ Qxd7 15.Be3
Bxe3 16.fxe3 O-O-O 17.Rf3 Rdf8 18.Raf1 Qe7 19.Qg4+ Kb8 20.a5 Rxf3 21.Qxf3 Qg5
22.Qe4 g6 23.c4 h5 24.b4 h4 25.h3 Qg3 26.b5 Ka7 27.Kh1 Rh5 28.bxa6 Rf5 29.Rb1
bxa6 30.c5 Rf2 31.cxd6 Re2 32.Qg4 Qxg4 33.hxg4 cxd6 34.Rb6 Rxe3 35.Rxd6 Rd3
36.Rxg6 Rxd5 37.Kh2 e4 38.Re6 Rxa5 39.Kh3 Kb7 40.Kxh4 Ra2 41.Kh3 Kc7 42.g5 Rb2
43.g6 Kd7 44.Rxe4 a5 45.g7 Rb8 46.Kh4 Rg8 47.Rg4 a4 48.Kh5 {#r} 1-0

[Event "3rd UT-RGV IM Inv. 2017"]
[Site "masterchessopen.com Brownsville USA"]
[Date "2017.03.17"]
[Round "7.1"]
[White "Ynojosa,F"]
[Black "Zhang,Chao"]
[Result "1-0"]
[WhiteElo "2378"]
[BlackElo "2223"]

1.c4 e6 2.Nc3 d5 3.e3 Nf6 4.Nf3 Nbd7 5.d4 c6 6.Qc2 Bd6 7.Bd3 O-O 8.c5 Bc7 9.e4
e5 10.Be3 exd4 11.Bxd4 dxe4 12.Bxe4 Nxe4 13.Nxe4 Ba5+ 14.Kf1 b6 15.b4 bxc5
16.Bxg7 Kxg7 17.Qc3+ Nf6 18.bxa5 Bf5 19.Nxc5 Qd6 20.g4 Bg6 21.g5 Kg8 22.gxf6
Qf4 23.Rg1 Rad8 24.Rg3 Rfe8 25.Kg2 Kh8 26.Re1 Rxe1 27.Qxe1 Qxf6 28.Qe5 Kg7
29.Ne4 Qxe5 30.Nxe5 Re8 31.Nxg6 hxg6 32.Nc5 Re2 33.a3 Rc2 34.Nd7 c5 35.Rb3 c4
36.Rb7 a6 37.Rc7 Ra2 38.Rxc4 Rxa3 39.Rc5 Rd3 40.Nb8 Rd6 41.Rc6 {#r} 1-0

[Event "3rd UT-RGV IM Inv. 2017"]
[Site "masterchessopen.com Brownsville USA"]
[Date "2017.03.17"]
[Round "7.2"]
[White "Serna,Jeffrey M"]
[Black "Kambrath,Y"]
[Result "0-1"]
[WhiteElo "2022"]
[BlackElo "2353"]

1.e4 c5 2.c3 Nf6 3.e5 Nd5 4.Bc4 e6 5.Nf3 d6 6.exd6 Qxd6 7.O-O Be7 8.d4 cxd4
9.Nxd4 a6 10.Nf5 exf5 11.Qxd5 O-O 12.Qxd6 Bxd6 13.Nd2 Be6 14.Bb3 Nd7 15.Nc4
Bc7 16.Be3 b5 17.Nd2 Ne5 18.Bd4 Rfe8 19.Bc2 g6 20.a4 Nc4 21.Nxc4 bxc4 22.Bc5
Rab8 23.Ba3 Kg7 24.Rad1 g5 25.Bb1 Rb6 26.Rfe1 Reb8 27.Ba2 Kf6 28.h4 h6 29.Rd4
Rc6 30.Kf1 Be5 31.Be7+ Kxe7 32.Rxe5 Rxb2 33.Rxc4 Rxc4 34.Bxc4 Kd6 35.Rxe6+
fxe6 36.Bxa6 gxh4 37.Bb5 Rc2 38.c4 Ra2 39.Ke1 e5 40.Be8 Kc5 41.Bg6 f4 42.Be8
f3 {#R} 0-1